Tiger species - Statistics

General Stats
  • This quiz has been taken 315 times
  • The average score is 3 of 6
Answer Stats
Hint Answer % Correct
Lives in Siberia Siberian Tiger
97%
Named after a sea in India Bengal Tiger
85%
Found mainly in Thailand Indo-chinese Tiger
30%
Found basicly in Malaysia Malay Tiger
23%
Most endangered species South China Tiger
22%
Smallest species of tiger Sumantran tiger
4%
No matching quizzes found
Score Distribution
Percent of People with Each Score
Percentile by Number Answered
Your Score History
You have not taken this quiz